000 00722nam a2200253Ia 4500
003 OSt
005 20220927105241.0
006 a|||||r|||| 00| 0
007 ta
008 220926b |||||||| |||| 00| 0 eng d
020 _a0415212871
024 _a187053
037 _b"6390, 07/04/2000, IBD"
_cReference Collections
040 _aRTL
_cRTL
_beng
041 _2eng
_aeng
082 _a"U22835, N9.2"
100 _aPielke Roger
_9371269
245 0 _aStorms
260 _aLondon
_bRouteledge
_c1999
300 _a"xv, 345p"
_ccm.
650 _aHydroelectric
_9371270
942 _h"U22835, N9.2"
_cCC
999 _c691491
_d691491